000 00769nam a2200205 i 4500
001 32431
003 ES-MaACL
005 20250828000902.0
007 t|
008 030131s1953 sp ||||1| spa d
100 1 _aBenito Ruano, Eloy.
_927689
245 1 0 _aEspaña y la colaboración histórica internacional ante el X Congreso Internacional de Ciencias Históricas /
_cEloy Benito Ruano.
260 _a[Madrid] :
_bConsejo Superior de Investigaciones Científicas, Instituto Jerónimo Zurita,
_c[1953]
300 _a8 h. ;
_c24 cm.
500 _aEs separata de: Hispania, 1953, n. LIII, p. 677-688.
710 2 _aInstituto Jerónimo Zurita
_95106
852 _aES-MaACL
_j2000-F-9
_bR.41913
852 _aES-MaACL
_j1660-F-5
_bR.35991
999 _c32431
_d32431